LEADER 01169nam a2200301 a 4500 001 000000127404 003 CaOOAMICUS 005 20120130134859.0 008 120130s2011 enkd u000 u eng r 020 $a978-0-415-58234-6 040 $aPUL$bita 082 04$a341.242 100 1 $aDavies, Karen.$0(OLS)http://pul/name/81265 245 10$aUnderstanding European Union law /$cKaren Davies. 250 $a4th ed. 260 $aAbingdon ;$aNew York :$bRoutledge,$c©2011. 300 $axxxii, 182 p. :$bgrafici ;$c24 cm 500 $aInclude indice. 504 $aBibliografia in nota. 610 14$aUnione europea$xDiritto.$0(OLS)http://pul/subject/27384 850 $aPUL 852 $aPUL$W1$xSL Diritto e Scienze Sociali 3$y79$m341. 242 DAVKA 1$j147392$qDDC 21$B146026$CPULBib$Z2$F146026 $H117832 $82 941 1 $a9 996 $6020$a978-0-415-58234-6$9(OLS)http://pul/number/148739 996 $6082$a341.242$9(OLS)http://pul/classification/1917 996 $6245$aUnderstanding European Union law$9(OLS)http://pul/title/160989 996 $6260$aAbingdon ;$aNew York :$bRoutledge$9(OLS)http://pul/publisher/80298 LEADER 01331nam a2200325 a 4500 001 000000141577 003 CaOOAMICUS 005 20150203110608.0 008 150203s1995 it u000 u ita r 020 $a88-420-4598-5 040 $aPUL$bita 041 1 $aita$heng 100 1 $aPirenne, Henri,$d1862-1935.$0(OLS)http://pul/name/4858 240 10$aMedieval cities.$lItaliano.$0(OLS)http://pul/title/179184 245 13$aLe città del Medioevo /$cHenri Pirenne ; con una introduzione di Ovidio Capitani. 260 $aRoma ;$aBari :$bLaterza,$c1995. 300 $aXLVII, 161 p. ;$c18 cm 490 1 $aEconomica Laterza ;$v43 504 $aBibliografia in nota. 650 4$aMedioevo$xStoria.$0(OLS)http://pul/subject/1431 651 4$aEuropa$xCiviltà.$0(OLS)http://pul/subject/4917 700 1 $aCapitani, Ovidio,$d1930-2012.$0(OLS)http://pul/name/1205 830 0$aUniversale Laterza ;$v43.$0(OLS)http://pul/title/569 850 $aPUL 852 $aPUL$W1$xDP1 Fondo Capitani$y116$m8 A 25$j44120$qFondi$B163326$CPULBib$Z2$F163326 $HCap303 $82 941 1 $a1 996 $6020$a88-420-4598-5$9(OLS)http://pul/number/156865 996 $6245$aLe città del Medioevo$9(OLS)http://pul/title/119265 996 $6260$aRoma ;$aBari :$bLaterza$9(OLS)http://pul/publisher/57682